Miscellanea laureati výber z diela Jána Lukačku

Bibliographic Details
Main Authors: Lukačka, Ján, 1952- (Author), Štefánik, Martin, 1972- (Author), Grófová, Mária, 1968- (Author)
Other Authors: Benková, Eva (Editor), Palko, Jakub, 1993- (Editor), Holíková, Alexandra (Bookjacket designer)
Format: Book
Language:Slovak
Published: Bratislava Univerzita Komenského v Bratislave 2023
Edition:Prvé vydanie
Subjects:
Online Access:https://stella.uniba.sk/texty/FIF_BP_ML_jan_lukacka_vyber.pdf

MARC

LEADER 00000cam a2200000 4500
001 vtls012264816
003 SK-MaSNL
005 20260301192702.0
008 241004s2023 xo l g n 000 0 slo
015 |a SNBA2025/02 
020 |a 9788022357234  |q (brožované) 
020 |a 9788022357241  |q (online) 
040 |a SNK  |b slo  |c SNK  |e rda 
041 0 |a slo 
043 |a e-xo--- 
044 |a xo  |c SK 
072 7 |a 930  |x Historická veda. Pomocné vedy historické. Archívnictvo  |2 konspekt 
072 7 |a 94(437.6)  |x Dejiny Slovenskej republiky  |2 konspekt 
080 |a 930-051  |2 2011 
080 |a (082.2)  |2 2011 
080 |a 929.732  |2 2011 
080 |a 94"04/14"  |2 2011 
080 |a (437.6)  |2 2011 
080 |a 930  |2 2011 
245 0 0 |a Miscellanea laureati  |b výber z diela Jána Lukačku  |c Eva Benková a Jakub Palko editori ; autori textov: Ján Lukačka, Martin Štefánik, Mária Grófová 
250 |a Prvé vydanie 
264 1 |a Bratislava  |b Univerzita Komenského v Bratislave  |c 2023 
300 |a 244 strán  |b schémy  |c 24 cm 
336 |a text  |b txt  |2 rdacontent 
337 |a bez média  |b n  |2 rdamedia 
338 |a zväzok  |b nc  |2 rdacarrier 
500 |a Obsahuje poznámky pod čiarou 
500 |a Obsahuje QR kód s intenretový odkazom s elektronickou verziou publikácie 
504 |a Obsahuje personálnu bibliografiu Jána Lukačku na strane 187-242, bibliografické odkazy 
600 1 7 |a Lukačka, Ján,  |d 1952-  |2 SNKMA  |9 102667 
650 0 7 |a historici  |2 SNKPH  |9 54543 
650 0 7 |a Historians  |2 SNKPHeng  |9 298060 
650 0 7 |a šľachtické rody  |2 SNKPH  |9 31798 
650 0 7 |a stredovek  |2 SNKPH  |9 4259 
650 0 7 |a House of nobility  |2 SNKPHeng  |9 306784 
650 0 7 |a Middle Ages  |2 SNKPHeng  |9 263011 
650 0 7 |a historiografia  |2 SNKPH  |9 3848 
650 0 7 |a Historiography  |2 SNKPHeng  |9 266534 
651 7 |a Slovensko  |2 SNKPHgeo 
651 7 |a Slovakia  |2 SNKPHeng  |9 92630 
655 7 |a antológie  |2 SNKPH  |9 70414 
655 7 |a Anthologies  |2 SNKPHeng  |9 275775 
700 1 |a Benková, Eva  |4 edt  |9 227884 
700 1 |a Palko, Jakub,  |d 1993-  |4 edt  |9 236801 
700 1 |a Lukačka, Ján,  |d 1952-  |4 aut  |9 102667 
700 1 |a Štefánik, Martin,  |d 1972-  |4 aut  |9 27583 
700 1 |a Grófová, Mária,  |d 1968-  |4 aut  |9 195258 
700 1 |a Holíková, Alexandra  |4 bjd  |9 571122 
852 |a Slovenská národná knižnica 
856 4 2 |u https://stella.uniba.sk/texty/FIF_BP_ML_jan_lukacka_vyber.pdf 
919 |a 978-80-223-5723-4 
919 |a 978-80-223-5724-1 
954 |a odborná, vedecká literatúra pôvodná (slovenská)  |2 lita 
958 |a NB 
999 |c 874821  |d 876751 
952 |a SNK  |b SNK  |y PREZ  |7 0  |p 17A1562897  |o snkSC 208736  |i snk2025/41  |8 0  |0 0  |1 0  |4 0  |d 2025-01-07  |l 0  |r 2025-11-03 00:00:00  |w 2026-02-24